Trouver le pays d'une subdivision administrative par lettre - Statistiques

Statistiques générales
  • Ce quiz a été pris 148 fois
  • Le résultat moyen est 17 sur 25
Statistiques - réponses
Hint Continent Réponse % Correct
B Bourgogne-Franche-Comté Europe France
100%
A Andalousie Europe Espagne
99%
Q Queensland Océanie Australie
90%
C Calabre Europe Italie
89%
X Xinjiang Asie Chine
88%
P Panama Ouest Amérique Panama
88%
R Riyad Asie Arabie Saoudite
87%
W Wyoming Amérique Etats Unis
87%
F Fès-Meknès Afrique Maroc
83%
K Kraï de Krasnoïarsk Europe/Asie Russie
78%
N Nunavut Amérique Canada
77%
M Miyazaki Asie Japon
77%
S Sarre Europe Allemagne
75%
U Ulster ( l'une des quatre provinces historiques) Europe Irlande
70%
Z Zacatecas Amérique Mexique
68%
G Goiás Amérique Brésil
63%
Y Yogyakarta Asie Indonesie
55%
T Tucumán Amérique Argentine
52%
L Lakshadweep Asie Inde
50%
O Otago Océanie Nouvelle Zélande
50%
V Vava'u Océanie Tonga
48%
D Delta Afrique Nigeria
45%
H Huila Amérique Colombie
43%
E Ewa Océanie Nauru
42%
J Jurmala Europe Lettonie
36%
Aucun quiz correspondant
Distribution des résultats
% des personnes avec chaque résultat
Percentile par nombre de réponses
Votre historique - résultats
Vous n’avez pas pris ce quiz